Research Methods & Methodologies in Education (Record no. 347431)
[ view plain ]
| 000 -LEADER | |
|---|---|
| fixed length control field | 00360nam a2200109Ia 4500 |
| 008 - FIXED-LENGTH DATA ELEMENTS--GENERAL INFORMATION | |
| fixed length control field | 171205s9999 xx 000 0 und d |
| 020 ## - INTERNATIONAL STANDARD BOOK NUMBER | |
| International Standard Book Number | 9781473969803 |
| 100 ## - MAIN ENTRY--PERSONAL NAME | |
| Personal name | Coe, Robert. |
| 245 ## - TITLE STATEMENT | |
| Statement of responsibility, etc | Robert Coe, Michael Waring, Larry V. Hedges, James Arthur |
| Title | Research Methods & Methodologies in Education |
| 260 ## - PUBLICATION, DISTRIBUTION, ETC. (IMPRINT) | |
| Name of publisher, distributor, etc | SAGE Publications Ltd |
| Date of publication, distribution, etc | 2017 |
| 300 ## - PHYSICAL DESCRIPTION | |
| Extent | 372 pages |
| Withdrawn status | Lost status | Damaged status | Home library | Current library | Shelving location | Date acquired | Source of acquisition | Total Checkouts | Total Renewals | Full call number | Barcode | Date last seen | Date checked out | Price effective from | Koha item type |
|---|---|---|---|---|---|---|---|---|---|---|---|---|---|---|---|
| College Library | College Library | Reserve Section | 12/05/2017 | Library Fund | 2 | 6 | LB 1028 .C672 2017 | c21072 | 11/17/2021 | 08/11/2021 | 12/05/2017 | Books |